000 00669cam a2200205 a 4500
001 000014423
003 DO-SdBNP
005 20251027143459.0
008 851113s1983 ve f000 0 spa
040 _aDO-SdBNP
_bspa
_cLC
_dBNPHU
082 4 _a320.97287
_bH565e
_222
100 1 _aHerrera Campins, Luis.
_918065
245 1 0 _aEn el umbral del año nuevo /
_cLuis Herrera Campins.
260 _aCaracas :
_bPresidencia de la República,
_c1983.
300 _a115 p. ;
_c18 cm.
651 0 _aVenezuela
_xPolítica y gobierno
_y1974-
_926230
651 4 _aVenezuela
_xCondiciones económicas
_y1958-
_932546
910 _aCatalogación por copia / LC
942 _2ddc
_cLBS1
999 _c14014
_d14014